Normal view
MARC view
Entry Personal Name
001 - CONTROL NUMBER
- control field: 24291
003 - CONTROL NUMBER IDENTIFIER
- control field: OSt
005 - DATE AND TIME OF LATEST TRANSACTION
- control field: 20211222120512.0
008 - FIXED-LENGTH DATA ELEMENTS
- fixed length control field: 211222|| aca||aabn | a|a d
040 ## - CATALOGING SOURCE
- Original cataloging agency: OSt
- Transcribing agency: OSt
100 ## - HEADING--PERSONAL NAME
- Personal name: Hwang,E.O
670 ## - SOURCE DATA FOUND
- Source citation: Work cat.: (OSt)23447: Hwang,E.O, Digital Logic & Microprocessor Design with VHDL, 2006.